|
|
|
|
| LEADER |
04445nam a22005055i 4500 |
| 001 |
978-3-319-57633-6 |
| 003 |
DE-He213 |
| 005 |
20170413150337.0 |
| 007 |
cr nn 008mamaa |
| 008 |
170413s2017 gw | s |||| 0|eng d |
| 020 |
|
|
|a 9783319576336
|9 978-3-319-57633-6
|
| 024 |
7 |
|
|a 10.1007/978-3-319-57633-6
|2 doi
|
| 040 |
|
|
|d GrThAP
|
| 050 |
|
4 |
|a QA76.758
|
| 072 |
|
7 |
|a UMZ
|2 bicssc
|
| 072 |
|
7 |
|a COM051230
|2 bisacsh
|
| 082 |
0 |
4 |
|a 005.1
|2 23
|
| 245 |
1 |
0 |
|a Agile Processes in Software Engineering and Extreme Programming
|h [electronic resource] :
|b 18th International Conference, XP 2017, Cologne, Germany, May 22-26, 2017, Proceedings /
|c edited by Hubert Baumeister, Horst Lichter, Matthias Riebisch.
|
| 264 |
|
1 |
|a Cham :
|b Springer International Publishing :
|b Imprint: Springer,
|c 2017.
|
| 300 |
|
|
|a XIII, 306 p. 55 illus.
|b online resource.
|
| 336 |
|
|
|a text
|b txt
|2 rdacontent
|
| 337 |
|
|
|a computer
|b c
|2 rdamedia
|
| 338 |
|
|
|a online resource
|b cr
|2 rdacarrier
|
| 347 |
|
|
|a text file
|b PDF
|2 rda
|
| 490 |
1 |
|
|a Lecture Notes in Business Information Processing,
|x 1865-1348 ;
|v 283
|
| 505 |
0 |
|
|a Improving Agile Processes -- Reflection in Agile Retrospectives -- What influences the speed of prototyping? An empirical investigation of twenty software startups -- Key Challenges in Agile Requirements Engineering -- A Multiple Case Study on Selecting a Technique for User-Interaction Data Collecting -- Comparing Requirements Decomposition within the Scrum, Scrum with Kanban, XP, and Banana Development Processes -- Effects of Technical Debt Awareness: A classroom study -- Agile in Organizations -- Don’t Forget to Breathe: A Controlled Trial of Mindfulness Practices in Agile Project Teams -- Enhancing Agile Team Collaboration through the use of Large Digital Multi-touch Cardwalls -- Knowledge Sharing in a Large Agile Organisation: A Survey Study -- Teaching Agile Methods to Software Engineering Professionals: 10 Years, 1000 Release Plans -- Are Software Startups Applying Agile? the State of the Practice from a Large Survey -- Adopting Test Automation on Agile Development Projects: A Grounded Theory Study of Indian Software Organizations -- Safety Critical Software -- How is security testing done in agile teams? A cross-case analysis of four software teams -- An assessment of avionics software development practice: justifications for an agile development process -- Short Research Papers -- Inoculating an Agile Company with User-Centred Design: an Empirical Study -- On the Usage and Benefits of Agile Methods & Practices -- Checklists to Support Test Charter Design in Exploratory Testing -- Discovering Software Process Deviations Using Visualizations -- Exploring Workflow Mechanisms and Task Allocation Strategies in Agile Software Teams -- Are daily stand-up meetings valuable? A survey of developers in software teams -- Doctoral Symposium Papers -- Knowledge Management and Reflective Practice in Daily Stand-up and Retrospective Meetings -- Self-Assignment: Task Allocation Practice in Agile Software Development -- Software Development Practices Patterns. .
|
| 506 |
0 |
|
|a Open Access
|
| 520 |
|
|
|a This book is open access under a CC BY license. The volume constitutes the proceedings of the 18th International Conference on Agile Software Development, XP 2017, held in Cologne, Germany, in May 2017. The 14 full and 6 short papers presented in this volume were carefully reviewed and selected from 46 submissions. They were organized in topical sections named: improving agile processes; agile in organization; and safety critical software. In addition, the volume contains 3 doctoral symposium papers (from 4 papers submitted). .
|
| 650 |
|
0 |
|a Computer science.
|
| 650 |
|
0 |
|a Management information systems.
|
| 650 |
|
0 |
|a Software engineering.
|
| 650 |
1 |
4 |
|a Computer Science.
|
| 650 |
2 |
4 |
|a Software Engineering.
|
| 650 |
2 |
4 |
|a Software Management.
|
| 650 |
2 |
4 |
|a Management of Computing and Information Systems.
|
| 700 |
1 |
|
|a Baumeister, Hubert.
|e editor.
|
| 700 |
1 |
|
|a Lichter, Horst.
|e editor.
|
| 700 |
1 |
|
|a Riebisch, Matthias.
|e editor.
|
| 710 |
2 |
|
|a SpringerLink (Online service)
|
| 773 |
0 |
|
|t Springer eBooks
|
| 776 |
0 |
8 |
|i Printed edition:
|z 9783319576329
|
| 830 |
|
0 |
|a Lecture Notes in Business Information Processing,
|x 1865-1348 ;
|v 283
|
| 856 |
4 |
0 |
|u http://dx.doi.org/10.1007/978-3-319-57633-6
|z Full Text via HEAL-Link
|
| 912 |
|
|
|a ZDB-2-SCS
|
| 950 |
|
|
|a Computer Science (Springer-11645)
|